Dimensionamiento de muros de escollera para las condiciones de sismicidad de Costa Rica
Na minha lista:
| Autor principal: | |
|---|---|
| Formato: | Livro |
| Idioma: | Spanish |
| Assuntos: | |
| Tags: |
Adicionar Tag
Sem tags, seja o primeiro a adicionar uma tag!
|
MARC
| LEADER | 00000nam a22000007a 4500 | ||
|---|---|---|---|
| 003 | 012128 | ||
| 005 | 20221231143905.0 | ||
| 008 | 150407b2015 cr a|||| |||| 00| 0 spa d | ||
| 040 | |c cru CEDI | ||
| 090 | |a TFG 7293 | ||
| 100 | |9 698 |a Barrantes Quirós, Silvia | ||
| 245 | |a Dimensionamiento de muros de escollera para las condiciones de sismicidad de Costa Rica | ||
| 500 | |a Proyecto de graduación (licenciatura en ingeniería civil)--Universidad de Costa Rica. Facultad de Ingeniería. Escuela de Ingeniería Civil | ||
| 650 | |x MUROS DE CONTENCION - COSTA RICA |x MUROS DE CONTENCION - PRUEBAS |x MOVIMIENTOS TECTONICOS |x SISMOLOGIA |9 699 | ||
| 942 | |c TFG | ||
| 999 | |c 13808 |d 13808 | ||
